000 00796nas a2200229 i 4500
005 20260203174822.0
008 260203d ua fr|j| |||| 00| 0 ara d
040 _aEG-GICUC
_cEG-GICUC
_dEG-GICUC
_erda
082 0 4 _a341.8
_221
245 0 0 _aمجلة التحكيم العربي.
_nالعدد الرابع عشر.
264 0 1 _aالقاهرة :
_bالأمانة العامة للاتحاد العربي للتحكيم الدولي،
_c2010 -
300 _aمجلد ؛
_c26 سم.
336 _2rda content
_aText
337 _2rda media
_aunmediated
338 _2rda carrier
_avolume
362 0 _a.
500 _aيونيو 2010.
650 _aالقانون الدولي
_vدوريات
856 _uhttps://fll.law.cu.edu.eg/fulltext/cr/S12-00005.pdf
905 _a9
942 _2ddc
_cCR
_n0
999 _c60728
_d60728